10 Letter Answers - Statistics

General Stats
  • This quiz has been taken 106 times
  • The average score is 12 of 20
Answer Stats
Hint Answer % Correct
Adding machine Calculator
91%
Rotor-driven flying machine Helicopter
86%
Seismic activity Earthquake
84%
Celsius' imperial alternative Fahrenheit
84%
To increase speed Accelerate
82%
Mad scientist's workplace Laboratory
79%
Koala snack Eucalyptus
72%
One who loves starting fires Pyromaniac
65%
Hanging cave formation Stalactite
65%
Vehicle Automobile
62%
Newspaper writer Journalist
62%
Inflammation of the gums Gingivitis
61%
Sandwich spread Mayonnaise
56%
Seedy summer fruit Watermelon
56%
Horned african animal Rhinoceros
53%
Ancestor opposite Descendant
48%
Career Profession
24%
Octopus relative Cuttlefish
19%
Video game peripheral Controller
16%
Ancient Greek horse racing stadium Hippodrome
13%
No matching quizzes found
Score Distribution
Percent of People with Each Score
Percentile by Number Answered
Your Score History
You have not taken this quiz